000 00305nam a22001337a 4500
008 171227b xxu||||| |||| 00| 0 eng d
020 _a9780275968076
041 _aeng
080 _a941
100 _a16
101 _aHIS
245 _aThe War For South Vietnam, 1954-1975
_cJoes, A.J
942 _2udc
_cBK
999 _c39453
_d39453